<?xml version="1.0" encoding="UTF-8"?>
<record
    xmlns:xsi="http://www.w3.org/2001/XMLSchema-instance"
    xsi:schemaLocation="http://www.loc.gov/MARC21/slim http://www.loc.gov/standards/marcxml/schema/MARC21slim.xsd"
    xmlns="http://www.loc.gov/MARC21/slim">

  <leader>00536nam a22001817a 4500</leader>
  <controlfield tag="003">330010</controlfield>
  <controlfield tag="005">20260305085425.0</controlfield>
  <controlfield tag="008">260305b        sa ||||| |||| 00| 0 eng d</controlfield>
  <datafield tag="020" ind1=" " ind2=" ">
    <subfield code="a">0868520098</subfield>
    <subfield code="q">hbk</subfield>
  </datafield>
  <datafield tag="040" ind1=" " ind2=" ">
    <subfield code="c">3228</subfield>
  </datafield>
  <datafield tag="041" ind1=" " ind2=" ">
    <subfield code="2">E</subfield>
  </datafield>
  <datafield tag="082" ind1=" " ind2="0">
    <subfield code="a">800.0968 SOU</subfield>
  </datafield>
  <datafield tag="245" ind1=" " ind2=" ">
    <subfield code="a">SA Literature / Literatuur 1980:</subfield>
    <subfield code="b">Annual Literary Survey Serie 1/ Literere Jaaroorsig-Rrrks</subfield>
    <subfield code="c">[Compiled: Galloway, Francis]</subfield>
  </datafield>
  <datafield tag="250" ind1=" " ind2=" ">
    <subfield code="a">1st Ed.</subfield>
  </datafield>
  <datafield tag="260" ind1=" " ind2=" ">
    <subfield code="a">Johannesburg</subfield>
    <subfield code="b">AD Donker (Pty) Ltd</subfield>
    <subfield code="c">1982</subfield>
  </datafield>
  <datafield tag="300" ind1=" " ind2=" ">
    <subfield code="a">287 pages</subfield>
    <subfield code="c">22 cm</subfield>
  </datafield>
  <datafield tag="942" ind1=" " ind2=" ">
    <subfield code="2">ddc</subfield>
    <subfield code="c">BOOK</subfield>
    <subfield code="w">190</subfield>
    <subfield code="x">Dudu Mondlane</subfield>
    <subfield code="y">190</subfield>
    <subfield code="z">Dudu Mondlane</subfield>
  </datafield>
  <datafield tag="999" ind1=" " ind2=" ">
    <subfield code="c">793577</subfield>
    <subfield code="d">793576</subfield>
  </datafield>
  <datafield tag="952" ind1=" " ind2=" ">
    <subfield code="0">0</subfield>
    <subfield code="1">0</subfield>
    <subfield code="2">ddc</subfield>
    <subfield code="4">0</subfield>
    <subfield code="7">0</subfield>
    <subfield code="8">800</subfield>
    <subfield code="a">KANYL</subfield>
    <subfield code="b">KANYL</subfield>
    <subfield code="c">Non_Fiction</subfield>
    <subfield code="d">2026-03-05</subfield>
    <subfield code="l">0</subfield>
    <subfield code="o">800.0968 SOU</subfield>
    <subfield code="p">33228019891983</subfield>
    <subfield code="r">2026-03-05</subfield>
    <subfield code="w">2026-03-05</subfield>
    <subfield code="y">BOOK</subfield>
  </datafield>
</record>
